Diagnóstico del desarrollo normal y anormal del niño: evaluación y manejo del desarrollo neuropsicológico normal y anormal del niño pequeño y preescolar

שמור ב:
מידע ביבליוגרפי
Main Authors: Gesell, Arnold Lucius (Author), Amatruda, Catherine (Author)
פורמט: ספר
שפה:ספרדית
יצא לאור: Ciudad de México Paidós 1985
מהדורה:1a. ed
סדרה:Evaluación Psicológica
נושאים:
תגים: הוספת תג
אין תגיות, היה/י הראשונ/ה לתייג את הרשומה!

MARC

LEADER 00000nam a2200000 a 4500
001 UCH3564
003 CL-VaPUC
008 090811e19850000MX |||||||||||||||||spa|d
020 |a 9688532606 
082 0 4 |a 155.41  |b GES  |2 21 
100 |a Gesell, Arnold Lucius  |e author  |9 488199 
700 0 |a Amatruda, Catherine  |e author  |9 538917 
245 1 0 |a Diagnóstico del desarrollo normal y anormal del niño: evaluación y manejo del desarrollo neuropsicológico normal y anormal del niño pequeño y preescolar 
250 |a 1a. ed 
300 |a 543 p 
942 |c BK 
945 |d 20090811 00:00:00  |a cmena 
260 |a Ciudad de México  |b Paidós  |c 1985 
650 0 |a Psicodiágnóstico  |9 312779 
650 0 |a Psicología evolutiva   |9 271069 
650 0 |a Psicología del niño  |9 307305 
583 |a last modification  |c 20130107 12:46:00  |k Rodrigo Vera 
490 0 |a Evaluación Psicológica 
999 |c 335046  |d 335044 
952 |0 0  |1 0  |4 0  |6 155_410000000000000_GES_1985  |7 0  |8 A  |9 424587  |a BIBCUR  |b BIBCUR  |d 2019-11-22  |i 1088491  |o 155.41 GES 1985  |p 1088491  |r 2025-04-22  |w 2019-11-22  |y BK  |k KIN